• 首页
  • 本馆介绍
  • 公告通知
  • 最新文献
  • 馆藏检索
  • 电子资源
  • 读者导购
  • 参考咨询
  • 我的图书馆
  • 登录
  • 详细信息显示
  • 放入我的书架
  • 预约/预借图书
  • 作者相关作品
  • 分类相关作品
  • 丛书相关作品
  • 出版社相关作品

书目信息

  • 表格格式
  • 工作单格式
  • 卡片格式
题名:
老沙皇是欧洲宪兵
    
 
作者: ;北京部队炮兵某部六连理论组 , 南开大学历史系工农兵学员 编
分册:  
出版信息: 北京   商务印书馆  1975
页数: 43页
开本: 19cm
丛书名:
单 册:
中图分类: K512.3
科图分类:
主题词: 中世纪史--苏联
电子资源:
ISBN:
000 00828nam0 2200253 45
001 0175003296
005 20070926151206.64
010    @dCNY0.11
100    @a19951018d1975 em y0chiy0121 ea
101 0  @achi
102    @aCN@b110000
105    @ay z 000yy
200 10 @a老沙皇是欧洲宪兵@Alao sha huang shi ou zhou xian bing@f北京部队炮兵某部六连理论组,南开大学历史系工农兵学员编
210    @a北京@c商务印书馆@d1975
215    @a43页@d19cm
300    @a历史知识读物
606    @a中世纪史@y苏联
610 0  @a沙皇
690    @aK512.3@v3
711 02 @a北京部队炮兵某部六连理论组@Abei jing bu dui pao bing mou bu liu lian li lun zu@4编
711 02 @a南开大学历史系工农兵学员@Anan kai da xue li shi xi gong nong bing xue yuan@4编
801  0 @aCN@bTSSF@c20070926
801  2 @aCN@bNLC@c20060815
905    @a10447@dK512.3@e36
    
    老沙皇是欧洲宪兵/北京部队炮兵某部六连理论组,南开大学历史系工农兵学员编.-北京:商务印书馆,1975
    43页;19cm
    历史知识读物
    
    ISBN :CNY0.11
    
●
相关链接 在E读中查询图书 在五车中查询图书 在当当中查询图书 在豆瓣中查询图书


正题名:老沙皇是欧洲宪兵     索取号:K512.3/36         预约/预借

序号 登录号 条形码 馆藏地/架位号 状态 备注
1 0460496   204604963   密集书库/ [索取号:K512.3/36] 在馆    
2 0462200   204622006   密集书库/ [索取号:K512.3/36] 在馆    
3 0462201   204622015   密集书库/ [索取号:K512.3/36] 在馆    
4 0462202   204622024   密集书库/ [索取号:K512.3/36] 在馆    
5 0462203   204622033   密集书库/ [索取号:K512.3/36] 在馆    
6 0462204   204622042   密集书库/ [索取号:K512.3/36] 在馆    
7 0462205   204622051   密集书库/ [索取号:K512.3/36] 在馆    
8 0462629   204626299   密集书库/ [索取号:K512.3/36] 在馆    
9 0462630   204626306   密集书库/ [索取号:K512.3/36] 在馆    
10 0609298   206092985   密集书库/ [索取号:K512.3/36] 在馆    
唐山师范学院图书馆 欢迎您!
大连网信软件有限公司© 版权所有